000 00494nam a2200181Ia 4500
999 _c27990
_d27990
003 OSt
005 20201221140334.0
008 190216s9999||||xx |||||||||||||| ||und||
020 _a8171303714
040 _coclc
082 _a894.8121
_bKUR/T
100 _aKurup, O N V
_97466
245 0 _aThonnyaaksharangal /
_cO N V Kurup
260 _bD C Books,
_aKottayam:
_c1998.
300 _a56p
650 _aKavitha
942 _cBK
_2ddc
_h894.8121
_iKUR/T
_k894.8121
_mKUR/T